Click the Rocky Mountains States and Provinces Quiz Stats

Quiz Updated Apr 13, 2018

Challenge
Share
Tweet
Score 0/8 Timer 00:30
19 Plays Today
% Correct
New Mexico
95.2%
Montana
94.4%
Idaho
93.6%
Alberta
92.6%
British Columbia
92.6%
Wyoming
92%
Colorado
91.7%
Utah
91.2%

You're not logged in!

Compare scores with friends on all Sporcle quizzes.
Sign Up with Email
OR
Log In

You Might Also Like...

Show Comments

Extras

Top Quizzes Today


Score Distribution

Your Account Isn't Verified!

In order to create a playlist on Sporcle, you need to verify the email address you used during registration. Go to your Sporcle Settings to finish the process.

Report this User

Report this user for behavior that violates our Community Guidelines.

Details: